| 000 | 01269cam a2200337 a 4500 | ||
|---|---|---|---|
| 001 | 16339960 | ||
| 003 | PILC | ||
| 005 | 20150304141236.0 | ||
| 008 | 100719s2012 at a 001 0 eng | ||
| 010 | _a 2010932854 | ||
| 020 | _a9789814510530 | ||
| 040 |
_aDLC _cDLC _dDLC |
||
| 042 | _apcc | ||
| 050 | 0 | 0 |
_aQA 276.12 _b.J64 2014 |
| 100 | 1 |
_aJohnson, Robert, _d1939- |
|
| 245 | 1 | 0 |
_aStatistics / _cRobert Johnson, Patricia Kuby. |
| 250 | _a2nd ed. | ||
| 260 |
_aAustralia ; _aUnited States : _bBrooks/Cole, Cengage Learning, _cc2014. |
||
| 300 |
_a356 paged, unnumbered pages : _billustrations ; _c26 cm. |
||
| 500 | _aIncludes indexes. | ||
| 521 | _aGeneral Education | ||
| 650 | 0 | _aStatistics. | |
| 700 | 1 | _aKuby, Patricia. | |
| 856 | 4 | 2 |
_3Contributor biographical information _uhttp://www.loc.gov/catdir/enhancements/fy1303/2010932854-b.html |
| 856 | 4 | 2 |
_3Publisher description _uhttp://www.loc.gov/catdir/enhancements/fy1303/2010932854-d.html |
| 856 | 4 | 1 |
_3Table of contents only _uhttp://www.loc.gov/catdir/enhancements/fy1303/2010932854-t.html |
| 906 |
_a7 _bcbc _corigcop _d3 _eepcn _f20 _gy-gencatlg |
||
| 942 |
_2lcc _cBK |
||
| 999 |
_c283716 _d283716 |
||